<?xml version="1.0" encoding="UTF-8"?>
<record
    xmlns:xsi="http://www.w3.org/2001/XMLSchema-instance"
    xsi:schemaLocation="http://www.loc.gov/MARC21/slim http://www.loc.gov/standards/marcxml/schema/MARC21slim.xsd"
    xmlns="http://www.loc.gov/MARC21/slim">

  <leader>01387nam a22002897i 4500</leader>
  <datafield tag="999" ind1=" " ind2=" ">
    <subfield code="c">23618</subfield>
    <subfield code="d">23618</subfield>
  </datafield>
  <controlfield tag="003">AR-CdUCM</controlfield>
  <controlfield tag="008">260422b20192019   d|||| |||| 00| 0 spa d</controlfield>
  <datafield tag="020" ind1=" " ind2=" ">
    <subfield code="a">978-612-304-582-1</subfield>
  </datafield>
  <datafield tag="040" ind1=" " ind2=" ">
    <subfield code="a">MUNICIPALIDAD PROVINCIAL DEL CUSCO</subfield>
    <subfield code="c">BIBLIOTECA MUNICIPAL DEL CUSCO</subfield>
  </datafield>
  <datafield tag="082" ind1=" " ind2=" ">
    <subfield code="a">629.892</subfield>
    <subfield code="b">O64</subfield>
  </datafield>
  <datafield tag="100" ind1=" " ind2=" ">
    <subfield code="a">Orellano Benancio, Lizbardo</subfield>
  </datafield>
  <datafield tag="245" ind1=" " ind2=" ">
    <subfield code="a">Arduino : </subfield>
    <subfield code="b">Electr&#xF3;nica, programaci&#xF3;n real y simulada /</subfield>
  </datafield>
  <datafield tag="260" ind1=" " ind2=" ">
    <subfield code="a">Lima, Per&#xFA; :</subfield>
    <subfield code="b">Empresa Editora Macro E.I.R.L.</subfield>
    <subfield code="c">2019</subfield>
  </datafield>
  <datafield tag="300" ind1=" " ind2=" ">
    <subfield code="a">100 p&#xE1;ginas. :</subfield>
    <subfield code="c">17,5x25 cm.</subfield>
  </datafield>
  <datafield tag="500" ind1=" " ind2=" ">
    <subfield code="z">Bibliograf&#xED;a : p&#xE1;gina 101</subfield>
  </datafield>
  <datafield tag="505" ind1=" " ind2=" ">
    <subfield code="a">La rob&#xF3;tica y los robots reciclados -- Instalaci&#xF3;n y configuraci&#xF3;n de un Arduino f&#xED;sico -- El simulador virtual -- La electricidad y los tipos de materiales -- Electr&#xF3;nica anal&#xF3;gica y circuitos simulados -- Electr&#xF3;nica digital y circuitos simulados -- Arduino simulado y sus salidas digitales -- La potencia el&#xE9;ctrica y entradas anal&#xF3;gicas con Arduino -- Tipo de radiaciones y aplicaciones con el sensor PIR -- Los sensores fotoel&#xE9;ctricos LDR y el robot CartBot</subfield>
  </datafield>
  <datafield tag="650" ind1=" " ind2=" ">
    <subfield code="a">Rob&#xF3;tica </subfield>
    <subfield code="9">52637</subfield>
  </datafield>
  <datafield tag="650" ind1=" " ind2=" ">
    <subfield code="a">Reciclaje </subfield>
    <subfield code="9">52638</subfield>
  </datafield>
  <datafield tag="650" ind1=" " ind2=" ">
    <subfield code="a">Electr&#xF3;nica </subfield>
    <subfield code="9">52639</subfield>
  </datafield>
  <datafield tag="650" ind1=" " ind2=" ">
    <subfield code="a">Programaci&#xF3;n </subfield>
    <subfield code="9">1895</subfield>
  </datafield>
  <datafield tag="650" ind1=" " ind2=" ">
    <subfield code="a">Electricidad </subfield>
    <subfield code="9">15840</subfield>
  </datafield>
  <datafield tag="650" ind1=" " ind2=" ">
    <subfield code="a">Potencia el&#xE9;ctrica </subfield>
    <subfield code="9">52640</subfield>
  </datafield>
  <datafield tag="856" ind1=" " ind2=" ">
    <subfield code="f">www.editorialmacro.com</subfield>
  </datafield>
  <datafield tag="942" ind1=" " ind2=" ">
    <subfield code="2">ddc</subfield>
    <subfield code="c">LIBROS</subfield>
  </datafield>
  <datafield tag="945" ind1=" " ind2=" ">
    <subfield code="a">esh</subfield>
    <subfield code="d">22-04-2026</subfield>
  </datafield>
  <datafield tag="952" ind1=" " ind2=" ">
    <subfield code="0">0</subfield>
    <subfield code="2">ddc</subfield>
    <subfield code="4">0</subfield>
    <subfield code="7">0</subfield>
    <subfield code="a">SC</subfield>
    <subfield code="b">SC</subfield>
    <subfield code="c">CART</subfield>
    <subfield code="d">2026-04-22</subfield>
    <subfield code="e">Donaci&#xF3;n</subfield>
    <subfield code="g">30.00</subfield>
    <subfield code="o">629.892 / O64</subfield>
    <subfield code="p">SC0000002471</subfield>
    <subfield code="r">2026-04-22</subfield>
    <subfield code="y">LIBROS</subfield>
  </datafield>
</record>
